ბათუმის შოთა რუსთაველის სახელმწიფო უნივერსიტეტის ბიბლიოთეკა

ცხრა მთას იქეთ (ბიბ.ჩანაწერი № 41995)

000 -LEADER
fixed length control field 00899nam a2200229Ia 4500
001 - CONTROL NUMBER
control field 8681
003 - CONTROL NUMBER IDENTIFIER
control field GE_BSU
008 - FIXED-LENGTH DATA ELEMENTS--GENERAL INFORMATION
fixed length control field 181216s||||||||xx |||||||||||||| ||und||
040 ## - CATALOGING SOURCE
Transcribing agency GE_BSU
080 ## - UNIVERSAL DECIMAL CLASSIFICATION NUMBER
Universal Decimal Classification number 82-93
100 ## - MAIN ENTRY--PERSONAL NAME
Personal name იოსელიანი,ოტია.
245 ## - TITLE STATEMENT
Title ცხრა მთას იქეთ
245 ## - TITLE STATEMENT
Remainder of title მოთხრობა.სასკოლო ასაკის ბავშვებისათვის.
245 ## - TITLE STATEMENT
Statement of responsibility, etc. რედ:ხ.ბერულავა;მხატვ;დ.ერისთავი
260 ## - PUBLICATION, DISTRIBUTION, ETC.
Place of publication, distribution, etc. თბილისი.
260 ## - PUBLICATION, DISTRIBUTION, ETC.
Name of publisher, distributor, etc. ნაკადული.
260 ## - PUBLICATION, DISTRIBUTION, ETC.
Date of publication, distribution, etc. 1963-1971.
300 ## - PHYSICAL DESCRIPTION
Extent 79გვ;1ფ.პორტრ.ილ;20სმ.
653 ## - INDEX TERM--UNCONTROLLED
Uncontrolled term მოთხრობა.სასკოლო ასაკის ბავშვებისათვის.
653 ## - INDEX TERM--UNCONTROLLED
Uncontrolled term ცხრა მთას იქეთ
942 ## - ADDED ENTRY ELEMENTS (KOHA)
Koha item type წიგნი
ეგზემპლარები
Withdrawn status Lost status Damaged status Not for loan Date acquired Barcode Date last seen Price effective from Koha item type
        2018-12-17 31085 2018-12-17 2018-12-17 წიგნი
        2018-12-17 31552 2018-12-17 2018-12-17 წიგნი